Secrets and lies / (Record no. 48129)

000 -LEADER
fixed length control field 00922cam a22002897a 4500
001 - CONTROL NUMBER
control field 16007323
003 - CONTROL NUMBER IDENTIFIER
control field Nust
005 - DATE AND TIME OF LATEST TRANSACTION
control field 20170110103126.0
008 - FIXED-LENGTH DATA ELEMENTS--GENERAL INFORMATION
fixed length control field 091104s2009 enk 000 1 eng
010 ## - LIBRARY OF CONGRESS CONTROL NUMBER
LC control number 2009305299
020 ## - INTERNATIONAL STANDARD BOOK NUMBER
International Standard Book Number 9780007326303 (pbk)
025 ## - OVERSEAS ACQUISITION NUMBER
Overseas acquisition number I-E-2009-305299; 26-90
035 ## - SYSTEM CONTROL NUMBER
System control number (IN-NdUBS) 2009305299
037 ## - SOURCE OF ACQUISITION
Source of stock number/acquisition Library of Congress -- New Delhi Overseas Office
Terms of availability Rs275.00
040 ## - CATALOGING SOURCE
Original cataloging agency DLC
Transcribing agency DLC
Modifying agency DLC
042 ## - AUTHENTICATION CODE
Authentication code lcode
050 00 - LIBRARY OF CONGRESS CALL NUMBER
Classification number MLCS 2009/00572 (P)
-- PR9499.3.M54
082 ## - DEWEY DECIMAL CLASSIFICATION NUMBER
Classification number 823
Author Mark MIS
100 1# - MAIN ENTRY--PERSONAL NAME
Personal name Misra, Jaishree,
Dates associated with a name 1961-
245 10 - TITLE STATEMENT
Title Secrets and lies /
Statement of responsibility, etc. Jaishree Misra.
246 18 - VARYING FORM OF TITLE
Title proper/short title Secrets & lies
260 ## - PUBLICATION, DISTRIBUTION, ETC.
Place of publication, distribution, etc. London :
Name of publisher, distributor, etc. Avon,
Date of publication, distribution, etc. 2009.
300 ## - PHYSICAL DESCRIPTION
Extent vi, 406 p. ;
Dimensions 19 cm.
500 ## - GENERAL NOTE
General note Novel.
906 ## - LOCAL DATA ELEMENT F, LDF (RLIN)
a 7
b cbc
c origode
d 4
e ncip
f 20
g y-gencatlg
942 ## - ADDED ENTRY ELEMENTS (KOHA)
Source of classification or shelving scheme
Koha item type Book
Holdings
Withdrawn status Lost status Source of classification or shelving scheme Damaged status Not for loan Permanent Location Current Location Shelving location Date acquired Total Checkouts Full call number Barcode Date last seen Date last checked out Copy number Price effective from Koha item type
          Central Library (CL) Central Library (CL) Fiction 01/10/2017 7 823.92 MIS CL469 05/25/2019 03/11/2019 1 01/10/2017 Book
© 2023 Central Library, National University of Sciences and Technology. All Rights Reserved.